00949nam a2200205 a 450000100100000000500170001000800410002704000250006808200230009324500180011626000980013430000200023250000590025259000270031165100860033865100880042491000370051295201770054999900170072600003334220240409073643.0110824s1956 dr r 000 0 spa d aDO-SdBNPbspacBNPHU a330.97293053bC74800aConferencias. aCiudad Trujillo, República Dominicana :bBanco Central de la República Dominicana,c1956. a99 p. ;c24 cm. aPublicaciones del 25 aniversario de La Era de Trujillo aInventariado, 2018/MFF 4aRepública DominicanaxPolítica EconómicayERA DE TRUJILLO, 1930-1961958931 4aRepública DominicanaxCondiciones EconómicasyERA DE TRUJILLO, 1030-1961958932 aValidado. Control de calidad MFF 001050718RVaPDbPDcHDd2011-08-24iLF1l0o330.97293053 C748p33342-10r2020-06-25w2020-06-25y1zPerteneció a la biblioteca personal de Martinez BoogZNo se presta c32833d32833